Países anexados/invadidos/ocupados pelo Brasil - Statistics

Estatísticas Gerais
  • Esse quiz foi jogado 148 vezes
  • A pontuação média é 4 de 5
Estatísticas das Respostas
Data País / Região % Correto
Até 1824 Uruguai
99%
1899 - 1903 Bolívia
97%
1851 Argentina
92%
1991 Colômbia
79%
1808 - 1817 Guiana Francesa
66%
Nenhum quiz correspondente encontrado
Distribuição das Pontuações
Porcentagem de Pessoas com Cada Pontuação
Percentil de Números Respondidos
Sua Pontuação Histórica
Você não jogou esse quiz